| 000 | 00462nam a2200157 4500 | ||
|---|---|---|---|
| 003 | SEACOMEC | ||
| 005 | 20250404133825.0 | ||
| 008 | 250404b |||||||| |||| 00| 0 eng d | ||
| 020 |
_a9788126518968 _c299.00 |
||
| 040 | _aSEACOMEC | ||
| 082 |
_a621.3815 _bN158 |
||
| 100 | _a Nair , B. Somanathan | ||
| 245 |
_aLinear Integrated Circuits: Analysis, Design & Applications / _cB. Somanathan Nair |
||
| 260 |
_aNew Delhi : _bJohn Wiley & Sons, _c2009 |
||
| 942 | _cBOOK | ||
| 999 |
_c2153 _d2153 |
||